01123cam a22003494i 4500003000900000005001700009008004100026035002000067040003300087082001700120100002600137245006500163264004400228300003800272336002100310337002500331338002300356505025400379526001000633526001000643526001000653526001000663526000800673526000800681526000800689526000800697526000800705526000800713526000800721650002400729650002000753PE-LiUPU20250731172930.0170615s1961 nju gr 000 0 eng d a(Sirsi) a204388 aPE-LiUPUbspacPE-LiUPUerda04a231bC162211 aCalvin, John,eautor.10aConcerning the eternal predestination of God /cJohn Calvin. 1aNew Jersey :bThe camelot press,c1961. a191 páginas ;c20 centímetros atext2rdacontent aunmediated2rdamedia avolume2rdacarrier2 aTitle-page -- Calvin's opponents and their these -- Calvin's contrary thesis -- Supporting evidence from st Paul -- Supporting evidence from st augustine .. The witness of scripture -- Pighius' arguments -- Pighius' proofs -- Refutation of pighius. aSEG42 aSEG41 aSEG40 aSEG39 aP94 aP87 aP86 aP85 aP77 aP76 aP3504aReforma protestante04areforma inglesa